| 000 | 00865nam a22002537a 4500 | ||
|---|---|---|---|
| 003 | OSt | ||
| 005 | 20250711052400.0 | ||
| 008 | 250711b |||||||| |||| 00| 0 eng d | ||
| 020 | _a 9781305865787 | ||
| 040 |
_aDWCL - Main lib _cOC |
||
| 082 | _aCirc. 158.3 Iv94i 2018 | ||
| 100 | _aIvey, Allen B. | ||
| 245 |
_aIntentional interviewing and counseling : _bfacilitating client development in a multicultural society/ _cAllen B. Ivey |
||
| 250 | _aNinth edition. | ||
| 260 |
_aBoston, MA : _bCengage Learning, _c[2018]. |
||
| 300 |
_axx, 436 pages : _b illustrations ; _c 26 cm. |
||
| 504 | _aIncludes bibliographical references and index. | ||
| 650 | _a1. Counseling. | ||
| 650 | _a2. Interviewing. | ||
| 650 | _a3. Psychotherapy. | ||
| 700 | _aBrandford Marry Ivey | ||
| 700 | _aCarlos P. Zalaquett | ||
| 942 |
_2ddc _cBK-CIRC _eNinth edition. _kCirc. _n0 |
||
| 999 |
_c3616 _d3616 |
||